000 00593nam a2200229Ia 4500
003 BUBTL
008 151213s9999 xx 000 0 und d
020 _a8176494437
082 _a823.8/ K5801j/ 2003
100 _a King, Jeannette
_95060
245 _aJane Eyre :
_cJeannette King
250 _a1st Edn.
260 _aNew Dilhi
_bViva Books
_cc2003
300 _a108p :
_c21 cm
500 _aIncludes Index
650 _aEnglish Literature
650 _a
700 _aJeannette King
_95061
856 _k0
_l0
_yDownload
942 _2ddc
_cBK
999 _c1621
_d1621